AFL Player Numbers 2 - Statistics

General Stats
  • This quiz has been taken 207 times
  • The average score is 10 of 18
Answer Stats
Hint Answer % Correct
Patrick Cripps 9
82%
Scott Pendlebury 10
79%
Toby Greene 4
78%
Josh Dunkley 5
63%
James Sicily 6
63%
Tom Stewart 44
57%
Darcy Parish 3
55%
Jake Lever 8
55%
Touk Miller 11
51%
Jordan Dawson 12
50%
Jake Waterman 2
49%
Tom Liberatore 21
45%
Jason Horne-Francis 18
44%
Jack Sinclair 35
44%
Nick Blakey 22
40%
Tim Taranto 14
38%
Luke Ryan 13
35%
Tristan Xerri 38
35%
No matching quizzes found
Score Distribution
Percent of People with Each Score
Percentile by Number Answered
Your Score History
You have not taken this quiz